000 00478nam a2200181Ia 4500
008 151202s9999||||xx |||||||||||||| ||und||
082 _bPNVM-83118
100 _aSTINE . L.R.
245 _aBe careful what you wish for....
260 _bSCHOLASTIC PRESS NEW YORK.
260 _c1993
300 _a121
600 _aSTINE . L.R.
630 _aBe careful what you wish for....
700 _aSTINE . L.R.
730 _aBe careful what you wish for....
942 _cBOOK
999 _c1347843
_d1347840